000 00280nam a22001337a 4500
003 SGT
082 _a370
_bP10Y
100 _aYADAV, ANIL
245 _aPERSPECTIVE OF EDUCATION
260 _aNEW DELHI
_bJ.B.T. PUB
_c2010
300 _a224
650 _aEDUCATION
942 _2ddc
_cBK
999 _c12112
_d12112